Top-level domains of the world - Statistics

General Stats
  • This quiz has been taken 36 times
  • The average score is 156 of 196
Answers on the Map
Answers color-coded by a green-red scale on the quiz's map according to % correct below.
 
Answer Stats
Country % Correct
au: Australia
100%
br: Brazil
100%
ca: Canada
100%
ch: Switzerland
100%
co: Colombia
100%
de: Germany
100%
fi: Finland
100%
fr: France
100%
md: Moldova
100%
mx: Mexico
100%
no: Norway
100%
pt: Portugal
100%
ru: Russia
100%
se: Sweden
100%
uk: United Kingdom
100%
us: United States
100%
ar: Argentina
96%
at: Austria
96%
be: Belgium
96%
cz: Czech Republic
96%
dk: Denmark
96%
eg: Egypt
96%
es: Spain
96%
gr: Greece
96%
ie: Ireland
96%
il: Israel
96%
in: India
96%
ir: Iran
96%
it: Italy
96%
jp: Japan
96%
pl: Poland
96%
sa: Saudi Arabia
96%
si: Slovenia
96%
sk: Slovakia
96%
ag: Antigua and Barbuda
93%
al: Albania
93%
ba: Bosnia and Herzegovina
93%
bg: Bulgaria
93%
bh: Bahrain
93%
bo: Bolivia
93%
cd: Democratic Republic of the Congo
93%
cl: Chile
93%
cn: China
93%
cu: Cuba
93%
id: Indonesia
93%
lt: Lithuania
93%
me: Montenegro
93%
mg: Madagascar
93%
ml: Mali
93%
pa: Panama
93%
pe: Peru
93%
ro: Romania
93%
sn: Senegal
93%
sr: Suriname
93%
tr: Turkey
93%
ua: Ukraine
93%
ve: Venezuela
93%
bs: Bahamas
89%
ci: Ivory Coast
89%
cr: Costa Rica
89%
do: Dominican Republic
89%
ga: Gabon
89%
hu: Hungary
89%
kz: Kazakhstan
89%
li: Liechtenstein
89%
ma: Morocco
89%
mn: Mongolia
89%
mr: Mauritania
89%
na: Namibia
89%
nz: New Zealand
89%
ph: Philippines
89%
pk: Pakistan
89%
sl: Sierra Leone
89%
so: Somalia
89%
th: Thailand
89%
tn: Tunisia
89%
za: South Africa
89%
af: Afghanistan
86%
bi: Burundi
86%
cm: Cameroon
86%
ec: Ecuador
86%
et: Ethiopia
86%
hr: Croatia
86%
is: Iceland
86%
lv: Latvia
86%
ly: Libya
86%
my: Malaysia
86%
ni: Nicaragua
86%
nl: Netherlands
86%
om: Oman
86%
sm: San Marino
86%
to: Tonga
86%
tz: Tanzania
86%
uy: Uruguay
86%
bn: Brunei
82%
bt: Bhutan
82%
bz: Belize
82%
cy: Cyprus
82%
ge: Georgia
82%
gh: Ghana
82%
gy: Guyana
82%
hn: Honduras
82%
iq: Iraq
82%
ke: Kenya
82%
mc: Monaco
82%
mt: Malta
82%
ne: Niger
82%
np: Nepal
82%
py: Paraguay
82%
ss: South Sudan
82%
sy: Syria
82%
tw: Taiwan
82%
ye: Yemen
82%
ae: United Arab Emirates
79%
am: Armenia
79%
az: Azerbaijan
79%
bd: Bangladesh
79%
dj: Djibouti
79%
er: Eritrea
79%
gn: Guinea
79%
gt: Guatemala
79%
ht: Haiti
79%
kr: South Korea
79%
la: Laos
79%
lu: Luxembourg
79%
ng: Nigeria
79%
pg: Papua New Guinea
79%
qa: Qatar
79%
sd: Sudan
79%
sv: El Salvador
79%
tj: Tajikistan
79%
uz: Uzbekistan
79%
vn: Vietnam
79%
dm: Dominica
75%
gm: Gambia
75%
jm: Jamaica
75%
lb: Lebanon
75%
mz: Mozambique
75%
tg: Togo
75%
tm: Turkmenistan
75%
ug: Uganda
75%
bf: Burkina Faso
71%
cg: Republic of the Congo
71%
jo: Jordan
71%
kg: Kyrgyzstan
71%
ki: Kiribati
71%
mu: Mauritius
71%
rw: Rwanda
71%
ao: Angola
68%
bw: Botswana
68%
cv: Cape Verde
68%
ee: Estonia
68%
kw: Kuwait
68%
ls: Lesotho
68%
mm: Myanmar
68%
mw: Malawi
68%
nr: Nauru
68%
rs: Serbia
68%
sb: Solomon Islands
68%
st: São Tomé and Príncipe
68%
tv: Tuvalu
68%
va: Vatican City
68%
lr: Liberia
64%
mv: Maldives
64%
sz: Eswatini
64%
fj: Fiji
61%
kn: Saint Kitts and Nevis
61%
sc: Seychelles
61%
sg: Singapore
61%
tl: East Timor
61%
tt: Trinidad and Tobago
61%
zm: Zambia
61%
zw: Zimbabwe
61%
ad: Andorra
57%
bb: Barbados
57%
mh: Marshall Islands
57%
by: Belarus
54%
gd: Grenada
54%
kh: Cambodia
54%
lc: Saint Lucia
54%
td: Chad
54%
vc: Saint Vincent and the Grenadines
54%
vu: Vanuatu
54%
mk: North Macedonia
50%
dz: Algeria
46%
fm: Federated States of Micronesia
46%
lk: Sri Lanka
46%
cf: Central African Republic
43%
kp: North Korea
39%
bj: Benin
36%
gq: Equatorial Guinea
36%
km: Comoros
36%
xk: Kosovo
32%
gw: Guinea-Bissau
29%
pw: Palau
29%
ws: Samoa
29%
No matching quizzes found
Score Distribution
Percent of People with Each Score
Percentile by Number Answered
Your Score History
You have not taken this quiz